书目信息 |
| 题名: |
高级汉语口语
|
|
| 作者: | 刘元满 , 任雪梅 , 金舒年 编著 | |
| 分册: | 1 | |
| 出版信息: | 北京 北京大学出版社 2004 |
|
| 页数: | 154页 | |
| 开本: | 26cm | |
| 丛书名: | 北大版新一代对外汉语教材·口语教程系列 | |
| 单 册: | ||
| 中图分类: | H195.4 | |
| 科图分类: | ||
| 主题词: | 汉语--口语--对外汉语教学--教材 | |
| 电子资源: | ||
| ISBN: | 7-301-06634-1 | |
| 000 | 01114nam0 2200313 45 | |
| 001 | 060000011300 | |
| 005 | 20051227152253.81 | |
| 010 | @a7-301-06634-1@b@dCNY32.00 | |
| 092 | @aCN | |
| 100 | @a20041102d2004 ekmy0chiy0120 ea | |
| 101 | 0 | @achi@aeng |
| 102 | @aCN@b110000 | |
| 105 | @ay z 000yy | |
| 200 | 1 | @a高级汉语口语@9gao ji han yu kou yu@h1@f刘元满,任雪梅,金舒年编著@Fliu yuan man,ren xue mei,jin shu nian bian zhu |
| 205 | @a2版 | |
| 210 | @a北京@c北京大学出版社@d2004 | |
| 215 | @a154页@c@d26cm | |
| 225 | 2 | @a北大版新一代对外汉语教材·口语教程系列 |
| 300 | @a北京市高等教育精品教材立项项目 | |
| 330 | @a本教材分四个单元,12课课文,课文以一个典型的中国家庭为主线,以类似剧本的形式展开故事情节,内容涉及中国家庭和中国社会的多个侧面。 | |
| 410 | 0 | @12001 @a北大版新一代对外汉语教材·口语教程系列 |
| 606 | 0 | @a汉语@x口语@x对外汉语教学@j教材 |
| 690 | @aH195.4@v4 | |
| 701 | 0 | @a刘元满@Aliu yuan man@4编著 |
| 701 | 0 | @a任雪梅@Aren xue mei@4编著 |
| 701 | 0 | @a金舒年@Ajin shu nian@4编著 |
| 801 | 0 | @aCN@bCXYBOOK@c20051227@g |
| 905 | @a10447@dH195.4@e167:4(1)=2 | |
| 999 | @aAFJ@eDF | |
| 高级汉语口语.1/刘元满,任雪梅,金舒年编著.-2版.-北京:北京大学出版社,2004 |
| 154页;26cm.-(北大版新一代对外汉语教材·口语教程系列) |
| 北京市高等教育精品教材立项项目 |
| ISBN 7-301-06634-1:CNY32.00 |
| 本教材分四个单元,12课课文,课文以一个典型的中国家庭为主线,以类似剧本的形式展开故事情节,内容涉及中国家庭和中国社会的多个侧面。 |
| ● |
| 相关链接 |
|
|
|
|
正题名:高级汉语口语
索取号:H195.4/167:4(1)=2
 
预约/预借
| 序号 | 登录号 | 条形码 | 馆藏地/架位号 | 状态 | 备注 |
| 1 | 0369326 | 203693262 | 第二样本阅览室/ [索取号:H195.4/167:4(1)=2] | 在馆 | |
| 2 | 0369327 | 203693271 | 第四借阅区/ [索取号:H195.4/167:4(1)=2] | 在馆 | |
| 3 | 0369328 | 203693280 | 第四借阅区/ [索取号:H195.4/167:4(1)=2] | 在馆 | |
| 4 | 0369329 | 203693299 | 第四借阅区/ [索取号:H195.4/167:4(1)=2] | 在馆 | |
| 5 | 0369330 | 203693306 | 第四借阅区/ [索取号:H195.4/167:4(1)=2] | 在馆 |